Security analysis and portfolio management (Record no. 9795)

MARC details
000 -LEADER
fixed length control field 00488cam a2200193ua 4500
001 - CONTROL NUMBER
control field 10847
005 - DATE AND TIME OF LATEST TRANSACTION
control field 20260515114652.0
008 - FIXED-LENGTH DATA ELEMENTS--GENERAL INFORMATION
fixed length control field 190409n ii |||gr||||Z||||||eng
020 ## - INTERNATIONAL STANDARD BOOK NUMBER
International Standard Book Number 8126114983
040 ## - CATALOGING SOURCE
Transcribing agency MAIN
082 ## - DEWEY DECIMAL CLASSIFICATION NUMBER
Classification number 658
100 ## - MAIN ENTRY--PERSONAL NAME
Personal name V Gangadhar,
Relator term Author.
245 ## - TITLE STATEMENT
Title Security analysis and portfolio management
Statement of responsibility, etc. By V Gangadhar
250 ## - EDITION STATEMENT
Edition statement 1st rep.
260 ## - PUBLICATION, DISTRIBUTION, ETC.
Place of publication, distribution, etc. New Delhi:
Name of publisher, distributor, etc. Anmol publications,
Date of publication, distribution, etc. 2007.
300 ## - PHYSICAL DESCRIPTION
Extent 156p.
653 ## - INDEX TERM--UNCONTROLLED
Uncontrolled term General management
942 ## - ADDED ENTRY ELEMENTS (KOHA)
Koha item type Books
Holdings
Withdrawn status Lost status Damaged status Not for loan Home library Current library Shelving location Date acquired Total checkouts Full call number Barcode Date last seen Date last checked out Copy number Price effective from Koha item type
        Naharkatiya College Library Naharkatiya College Library General stacks 09/19/2020 3 658Security analysis and portfolio management | GAN 24738 05/16/2023 04/24/2023 1 09/19/2020 Books